000 00652nam a2200181Ia 4500
008 090630s9999 xx 000 0 und d
082 _b24127
100 _aभावे उर्मिला.
245 _aसत्यकथेचे गूढ वलय.
_cभावे उर्मिला.
260 _bनिशिगंधा - पुणे.
300 _a0
600 _aभावे उर्मिला.
630 _aसत्यकथेचे गूढ वलय.
655 _aलघुकथा.
700 _aभावे उर्मिला.
730 _aसत्यकथेचे गूढ वलय.
942 _cBOOK
999 _c275983
_d275983